[Event "SR Extraliga 2017/2018"]
[Site "?"]
[Date "2017.11.12"]
[Round "4.5"]
[White "Chovan, Milan"]
[Black "Jacko, Vladimir"]
[Result "0-1"]
[WhiteElo "2305"]
[BlackElo "2317"]
[PlyCount "84"]
[EventDate "2017.??.??"]

1. d4 Nf6 2. c4 g6 3. Nc3 Bg7 4. e4 O-O 5. Nf3 d6 6. Be2 e5 7. Be3 exd4 8. Nxd4
Re8 9. f3 Nc6 10. Qd2 Nh5 11. Nxc6 bxc6 12. g4 Nf6 13. O-O-O Be6 14. h4 Qb8 15.
h5 Qb4 16. hxg6 fxg6 17. Nb1 a5 18. Bd4 Qxd2+ 19. Rxd2 Nd7 20. Bxg7 Kxg7 21. g5
Nc5 22. Nc3 Bg8 23. Kc2 Re7 24. Rdd1 Rf8 25. b3 Re5 26. Rhg1 Ne6 27. Na4 Nxg5
28. c5 d5 29. Rgf1 Ne6 30. Nc3 Nxc5 31. Bd3 Ne6 32. Kb2 Nf4 33. Ba6 Rb8 34.
Rfe1 Kf6 35. Na4 Ne6 36. Bd3 Nf4 37. Nc5 Rd8 38. Nb7 Rd7 39. Bc2 d4 40. Bd3
Nxd3+ 41. Rxd3 Rb5 42. e5+ Ke6 0-1

[Event "SR Extraliga 2017/2018"]
[Site "?"]
[Date "2017.11.12"]
[Round "4.6"]
[White "Kusiak, Matej"]
[Black "Cibickova, Zuzana"]
[Result "0-1"]
[WhiteElo "2308"]
[BlackElo "2282"]
[PlyCount "76"]
[EventDate "2017.??.??"]

1. e4 e5 2. Nf3 Nc6 3. c4 Bc5 4. Nc3 d6 5. Na4 Nge7 6. Nxc5 dxc5 7. Be2 Qd6 8.
h3 O-O 9. d3 Ng6 10. O-O f5 11. Ng5 f4 12. Nf3 Qf6 13. Bd2 Nh4 14. Bc3 Qh6 15.
Nxh4 Qxh4 16. Bg4 Rf6 17. Bxc8 Rxc8 18. Qf3 Rcf8 19. Rad1 h5 20. a3 a5 21. b3
g5 22. g4 Rh6 23. gxh5 Rxh5 24. Rfe1 Qxh3 25. Qxh3 Rxh3 26. Kg2 Rh7 27. Kf3 Kf7
28. Rh1 Rfh8 29. Rxh7+ Rxh7 30. Rb1 Kf6 31. b4 axb4 32. axb4 cxb4 33. Bxb4 Nd4+
34. Kg2 g4 35. Bd2 Nf3 36. Rd1 Rh2+ 37. Kf1 Rh1+ 38. Ke2 Nd4# 0-1

[Event "SR Extraliga 2017/2018"]
[Site "?"]
[Date "2017.11.12"]
[Round "4.7"]
[White "Gazik, Igor"]
[Black "Zambor, Norbert"]
[Result "1-0"]
[WhiteElo "2253"]
[BlackElo "2284"]
[PlyCount "47"]
[EventDate "2017.??.??"]

1. d4 Nf6 2. Nf3 d5 3. e3 e6 4. Nbd2 Nbd7 5. Bd3 c5 6. c3 Bd6 7. O-O O-O 8. Re1
Qc7 9. e4 cxd4 10. cxd4 dxe4 11. Nxe4 Nxe4 12. Rxe4 Nf6 13. Rh4 g6 14. Bg5 Be7
15. Ne5 Nd5 16. Rxh7 Bxg5 17. Bxg6 Nf6 18. Rxf7 Rxf7 19. Bxf7+ Kh8 20. Qf3 Nh7
21. Qg3 Qd8 22. Bg6 Qf6 23. Qh3 Qg7 24. Bxh7 1-0

[Event "SR Extraliga 2017/2018"]
[Site "?"]
[Date "2017.11.12"]
[Round "4.8"]
[White "Sepesi, Samuel"]
[Black "Szucs, Vladimir"]
[Result "1/2-1/2"]
[WhiteElo "2162"]
[BlackElo "2114"]
[PlyCount "149"]
[EventDate "2017.??.??"]

1. d4 d5 2. Nf3 Nf6 3. c4 dxc4 4. e3 e6 5. Bxc4 c5 6. O-O a6 7. a4 Nc6 8. Qe2
Qc7 9. dxc5 Bxc5 10. b3 O-O 11. Bb2 Qe7 12. Rd1 b6 13. Nd4 Na5 14. Bd3 e5 15.
b4 Bxb4 16. Nc2 Bd6 17. Nd2 Bb7 18. e4 Bc5 19. Ne3 Rfd8 20. Bc3 Nc6 21. Ndc4
Nd4 22. Bxd4 exd4 23. Nf5 Qe6 24. e5 Qc6 25. f3 Nd5 26. Qf2 Nc3 27. Qg3 g6 28.
Ncd6 Bxd6 29. exd6 Qc5 30. Re1 Rd7 31. Re5 Nd5 32. Rae1 Rf8 33. Qh3 Rxd6 34.
Nxd6 Qxd6 35. Qg3 Ne3 36. Re8 Qxg3 37. Rxf8+ Kxf8 38. hxg3 Bc6 39. Ra1 a5 40.
Kf2 Nd5 41. Be4 Ke7 42. Bxd5 Bxd5 43. Rb1 Bc6 44. Rxb6 Bxa4 45. Ra6 d3 46. Ke3
Bc2 47. Rxa5 h5 48. Ra6 Kd7 49. Kd2 Ke7 50. Rb6 Kd7 51. Rb4 Ke6 52. g4 hxg4 53.
Rxg4 Kf5 54. Ke3 Ke5 55. Re4+ Kf6 56. Rd4 Ke5 57. Rb4 g5 58. g4 f6 59. Kd2 Ke6
60. Rd4 Ke5 61. Re4+ Kd6 62. Re3 Kd5 63. Kc3 Kd6 64. Re4 Kd5 65. Rd4+ Ke5 66.
Kc4 Bb1 67. Kc5 Ke6 68. Rd5 Bc2 69. Kc6 Ba4+ 70. Kc5 Bc2 71. Rd8 Ke7 72. Rd6
Kf7 73. Kc6 Ke7 74. Kc7 Bb1 75. Kc6 1/2-1/2

[Event "SR Extraliga 2017/2018"]
[Site "?"]
[Date "2017.12.10"]
[Round "5.1"]
[White "Navara, David"]
[Black "Krejci, Jan"]
[Result "1-0"]
[WhiteElo "2740"]
[BlackElo "2570"]
[PlyCount "71"]
[EventDate "2017.??.??"]

1. c4 e6 2. Nc3 d5 3. d4 Bb4 4. a3 Bxc3+ 5. bxc3 Nf6 6. e3 O-O 7. cxd5 exd5 8.
Bd3 b6 9. Ne2 Ba6 10. Bxa6 Nxa6 11. Qd3 Nb8 12. c4 c6 13. O-O Re8 14. a4 Ne4
15. f3 Nd6 16. cxd5 cxd5 17. Nf4 Qg5 18. Qb3 Nc6 19. Nxd5 Rac8 20. e4 Qd8 21.
Rd1 Na5 22. Qd3 Qd7 23. Ba3 Ndc4 24. Rdc1 f5 25. Bb4 Nb2 26. Qa6 Nac4 27. Ba3
fxe4 28. fxe4 Rxe4 29. Bxb2 Re2 30. Ne7+ Rxe7 31. Rxc4 Rce8 32. Qb5 Qg4 33.
Qd5+ Kh8 34. Rf1 Re2 35. h3 Qg3 36. Rc3 1-0

[Event "SR Extraliga 2017/2018"]
[Site "?"]
[Date "2017.12.10"]
[Round "5.2"]
[White "Leniart, Arkadiusz"]
[Black "Markos, Jan"]
[Result "1/2-1/2"]
[WhiteElo "2502"]
[BlackElo "2562"]
[PlyCount "84"]
[EventDate "2017.??.??"]

1. d4 Nf6 2. c4 c5 3. d5 b5 4. cxb5 a6 5. b6 e6 6. Nc3 exd5 7. Nxd5 Nxd5 8.
Qxd5 Nc6 9. e4 Be7 10. Bc4 O-O 11. Nf3 Bb7 12. Qd1 Qxb6 13. O-O Nd4 14. Nxd4
cxd4 15. Re1 Rae8 16. Bd2 Qg6 17. Bd3 Bd6 18. f3 Re5 19. Bf4 h5 20. Bxe5 Bxe5
21. Qd2 Qf6 22. g3 Qxf3 23. Qd1 Qf6 24. Qxh5 g6 25. Qg4 Bc8 26. Rac1 Qd8 27.
Qf3 Kg7 28. h4 d6 29. Rc2 Be6 30. Bc4 Qb6 31. Kg2 Bxc4 32. Rxc4 Qxb2+ 33. Re2
Qb5 34. Qb3 Qd7 35. Rec2 d5 36. Rc5 dxe4 37. Rxe5 d3 38. Rf2 f6 39. Qd5 Rd8 40.
Qxd7+ Rxd7 41. Rxe4 d2 42. Re7+ Rxe7 1/2-1/2

[Event "SR Extraliga 2017/2018"]
[Site "?"]
[Date "2017.12.10"]
[Round "5.3"]
[White "Mrva, Martin"]
[Black "Druska, Juraj"]
[Result "1-0"]
[WhiteElo "2399"]
[BlackElo "2440"]
[PlyCount "47"]
[EventDate "2017.??.??"]

1. e4 c5 2. Nf3 Nc6 3. Bb5 g6 4. O-O Bg7 5. Re1 e5 6. b4 Nxb4 7. c3 Nc6 8. d4
exd4 9. e5 Nge7 10. cxd4 cxd4 11. Ba3 O-O 12. Nbd2 d5 13. exd6 Nf5 14. Bxc6
bxc6 15. Rc1 Qa5 16. Bc5 Qxa2 17. Nc4 Be6 18. Nfe5 Rfb8 19. Nxc6 Bxc4 20. Nxb8
Rxb8 21. Ra1 Qb3 22. d7 Ne3 23. Qxb3 Bxb3 24. Rab1 1-0

[Event "SR Extraliga 2017/2018"]
[Site "?"]
[Date "2017.12.10"]
[Round "5.4"]
[White "Manik, Mikulas"]
[Black "Pinter, Erik"]
[Result "1-0"]
[WhiteElo "2415"]
[BlackElo "2381"]
[PlyCount "88"]
[EventDate "2017.??.??"]

1. e4 c5 2. Nf3 Nc6 3. Bb5 g6 4. Bxc6 dxc6 5. h3 Bg7 6. d3 Nf6 7. Nc3 Nd7 8.
Be3 e5 9. a3 Qe7 10. Qd2 h6 11. O-O a5 12. Nh2 h5 13. f4 exf4 14. Bxf4 a4 15.
Nf3 Ne5 16. Nxe5 Bxe5 17. Bxe5 Qxe5 18. Qf4 Qxf4 19. Rxf4 g5 20. Rf6 Be6 21. e5
Ra5 22. Ne4 g4 23. hxg4 hxg4 24. Raf1 Ke7 25. Ng5 Rb5 26. Nxe6 fxe6 27. Rf7+
Kd8 28. R1f4 Kc8 29. Rxa4 Kb8 30. b3 Rh5 31. Rxg4 Rxe5 32. a4 Rb4 33. Rxb4 cxb4
34. Rf4 Re2 35. Rc4 Kc7 36. g4 Kd6 37. Rxb4 Rxc2 38. Rxb7 Ke5 39. Rf7 Rb2 40.
g5 Rxb3 41. g6 Rb8 42. g7 Rg8 43. a5 Kd4 44. a6 Kd5 1-0

[Event "SR Extraliga 2017/2018"]
[Site "?"]
[Date "2017.12.09"]
[Round "5.1"]
[White "Vovk, Jurij"]
[Black "Plachetka, Jan"]
[Result "1-0"]
[WhiteElo "2600"]
[BlackElo "2326"]
[PlyCount "101"]
[EventDate "2017.??.??"]

1. d4 Nf6 2. c4 c5 3. d5 b5 4. cxb5 a6 5. bxa6 g6 6. Nc3 Bxa6 7. g3 Bg7 8. Bg2
d6 9. Nf3 Nbd7 10. Rb1 Nb6 11. b3 Bb7 12. Nh4 Qc8 13. O-O h6 14. e4 Ba6 15. Re1
Ng4 16. Ne2 Ne5 17. Bb2 O-O 18. Nf4 Bb5 19. a4 Bd7 20. Nd3 Nxd3 21. Qxd3 c4 22.
Qe3 Qc5 23. Qxc5 dxc5 24. Bxg7 Kxg7 25. bxc4 Nxc4 26. Rb7 Rfd8 27. e5 Rab8 28.
Ra7 Ra8 29. Rxa8 Rxa8 30. e6 Bxa4 31. exf7 Ra7 32. Nxg6 Kxf7 33. Nf4 Nd6 34.
Ra1 c4 35. Bf3 Nb5 36. d6 exd6 37. Bd5+ Kf6 38. Bxc4 Bc2 39. Re1 Nd4 40. Kg2
Kf5 41. Bd5 Ra5 42. Bb7 Re5 43. Ra1 Rb5 44. Bc8+ Kf6 45. h4 Be4+ 46. Kh3 Rb2
47. Rd1 Ke5 48. Re1 Rb3 49. Ng6+ Kd5 50. Ne7+ Ke5 51. f4+ 1-0

[Event "SR Extraliga 2017/2018"]
[Site "?"]
[Date "2017.12.09"]
[Round "5.2"]
[White "Cech, Pavel"]
[Black "Vetoshko, Volodymyr"]
[Result "1/2-1/2"]
[WhiteElo "2369"]
[BlackElo "2537"]
[PlyCount "169"]
[EventDate "2017.??.??"]

1. d4 Nf6 2. c4 e6 3. g3 c5 4. d5 exd5 5. cxd5 d6 6. Nc3 g6 7. Bg2 Bg7 8. Nf3
O-O 9. O-O Nbd7 10. Bf4 Qe7 11. Qd2 Ng4 12. Rab1 Nde5 13. Nxe5 Nxe5 14. Bh6
Bxh6 15. Qxh6 f5 16. Qd2 b6 17. b4 Ba6 18. bxc5 bxc5 19. Nb5 Rab8 20. a4 Qd7
21. f4 Ng4 22. h3 Bxb5 23. Rxb5 Rxb5 24. axb5 Nf6 25. Ra1 Rb8 26. Qa5 Rxb5 27.
Qxa7 Rb1+ 28. Kf2 Rxa1 29. Qxa1 Kf7 30. Bf3 h5 31. Qa5 Qe7 32. Qb6 Qd7 33. Ke3
Ke7 34. Qb8 Qa4 35. Qb7+ Nd7 36. Qb2 Kf7 37. g4 fxg4 38. hxg4 h4 39. g5 c4 40.
Qh8 Qa7+ 41. Kd2 Qa5+ 42. Kc2 Qa2+ 43. Kc1 Qa3+ 44. Kc2 Qb3+ 45. Kd2 Qb4+ 46.
Kc2 c3 47. Qh7+ Ke8 48. Qxg6+ Kd8 49. Qd3 Qb2+ 50. Kd1 Nc5 51. Qc2 Qa1+ 52. Qc1
Qxc1+ 53. Kxc1 Nb3+ 54. Kd1 c2+ 55. Kxc2 Nd4+ 56. Kd3 Nxf3 57. Ke3 Ne1 58. Kf2
h3 59. Kg3 Ng2 60. f5 Nf4 61. e4 Ke7 62. Kh2 Kf7 63. Kg3 Nd3 64. Kxh3 Nf2+ 65.
Kg3 Nxe4+ 66. Kf4 Nc3 67. Ke3 Nxd5+ 68. Kd4 Nc7 69. Ke4 Ke7 70. Kd4 Ne8 71. Ke4
Kd7 72. Kd5 Ng7 73. Ke4 Nh5 74. Kd5 Ng7 75. Ke4 Nh5 76. Kd5 Ng3 77. f6 Nh5 78.
f7 Nf4+ 79. Ke4 Ne6 80. g6 Ke7 81. Kf5 Nc5 82. Kf4 Nd7 83. Ke4 Nc5+ 84. Kd5 Nd7
85. g7 1/2-1/2

[Event "SR Extraliga 2017/2018"]
[Site "?"]
[Date "2017.12.09"]
[Round "5.3"]
[White "Nayhebaver, Martin"]
[Black "Caletka, Radomir"]
[Result "1/2-1/2"]
[WhiteElo "2449"]
[BlackElo "2290"]
[PlyCount "86"]
[EventDate "2017.??.??"]

1. e4 c6 2. Nc3 d5 3. Nf3 Bg4 4. h3 Bxf3 5. Qxf3 e6 6. d3 Nf6 7. a3 Nbd7 8. g4
g6 9. Qe2 d4 10. Nb1 e5 11. Bg2 Nc5 12. f4 Nfd7 13. O-O Bg7 14. Nd2 Qe7 15. Nf3
h5 16. gxh5 Rxh5 17. fxe5 Ne6 18. c3 c5 19. cxd4 cxd4 20. Bd2 Nxe5 21. Rac1 Nc6
22. Rc2 Kf8 23. b4 Kg8 24. Qf2 Rf8 25. Qg3 Ne5 26. Nh2 Bf6 27. Bf3 Bh4 28. Qg2
Rh7 29. Be2 Bg5 30. Ng4 Nd7 31. Bxg5 Qxg5 32. Nf6+ Nxf6 33. Qxg5 Nxg5 34. Rxf6
Rxh3 35. Rc7 Re3 36. Bf1 Rb8 37. Rd6 Ne6 38. Re7 Kf8 39. Rdd7 Nd8 40. Kf2 Rc8
41. Rc7 Rxc7 42. Rxc7 Ke8 43. a4 f5 1/2-1/2

[Event "SR Extraliga 2017/2018"]
[Site "?"]
[Date "2017.12.09"]
[Round "5.4"]
[White "Hrabusa, Matej"]
[Black "Repkova, Eva"]
[Result "1/2-1/2"]
[WhiteElo "2376"]
[BlackElo "2301"]
[PlyCount "66"]
[EventDate "2017.??.??"]

1. Nf3 Nf6 2. c4 e6 3. g3 b6 4. Bg2 Bb7 5. O-O Be7 6. b3 O-O 7. Bb2 d6 8. d4
Nbd7 9. Re1 Ne4 10. Nfd2 f5 11. Qc2 Ndf6 12. Nc3 d5 13. Ncxe4 fxe4 14. f3 Qe8
15. cxd5 exd5 16. Qxc7 Bb4 17. Nxe4 dxe4 18. Qxb7 Rf7 19. Qa6 Bxe1 20. Rxe1
exf3 21. Bxf3 Qe3+ 22. Kg2 Ne4 23. Rf1 Raf8 24. d5 Rxf3 25. Rxf3 Rxf3 26. exf3
Qd2+ 27. Kh1 Qd1+ 28. Kg2 Qc2+ 29. Kh3 Nf2+ 30. Kh4 Qc7 31. Bf6 gxf6 32. Qe2
Qc5 33. g4 Nh1 1/2-1/2

[Event "SR Extraliga 2017/2018"]
[Site "?"]
[Date "2017.12.09"]
[Round "5.5"]
[White "Najgebauer, Szemjon"]
[Black "Hros, Roman"]
[Result "0-1"]
[WhiteElo "2180"]
[BlackElo "2194"]
[PlyCount "60"]
[EventDate "2017.??.??"]

1. d4 Nf6 2. Nf3 e6 3. c4 c5 4. Nc3 cxd4 5. Nxd4 a6 6. e4 Qc7 7. Be2 b6 8. Be3
Bb7 9. f3 Be7 10. Qd2 d6 11. O-O O-O 12. Rfc1 Nbd7 13. a4 Rac8 14. a5 Rfe8 15.
Bf1 Bd8 16. b4 bxa5 17. Rxa5 Qb8 18. Raa1 Bc7 19. g3 Ne5 20. Qf2 d5 21. b5 axb5
22. Ndxb5 dxe4 23. Ba7 Nxf3+ 24. Kh1 e3 25. Qxe3 Nxh2+ 26. Kxh2 Ng4+ 27. Kh3
Nxe3 28. Bxb8 Bxb8 29. Na7 Rc5 30. Rab1 Rh5# 0-1

[Event "SR Extraliga 2017/2018"]
[Site "?"]
[Date "2017.12.09"]
[Round "5.6"]
[White "Macko, Michal"]
[Black "Lembak, Jurij"]
[Result "1/2-1/2"]
[WhiteElo "2174"]
[BlackElo "2186"]
[PlyCount "53"]
[EventDate "2017.??.??"]

1. e4 e6 2. d4 d5 3. Nc3 Nf6 4. e5 Nfd7 5. f4 c5 6. Nf3 Nc6 7. Be3 Qb6 8. Na4
Qa5+ 9. c3 c4 10. b4 Qc7 11. Nb2 b5 12. a4 bxa4 13. Rxa4 Be7 14. Be2 O-O 15.
O-O Rb8 16. Qc2 a5 17. bxa5 Nxa5 18. Rfa1 Nb3 19. R1a2 Nb6 20. Ra7 Bb7 21. f5
exf5 22. Qxf5 Qc8 23. Qh5 Qe6 24. Nd1 Nc8 25. R7a4 Nb6 26. Ra7 Nc8 27. R7a4
1/2-1/2

[Event "SR Extraliga 2017/2018"]
[Site "?"]
[Date "2017.12.09"]
[Round "5.7"]
[White "Vrbova, Niki"]
[Black "Palecek, Peter"]
[Result "0-1"]
[WhiteElo "2181"]
[BlackElo "2257"]
[PlyCount "88"]
[EventDate "2017.??.??"]

1. e4 e5 2. Nf3 Nc6 3. Bc4 Bc5 4. c3 Nf6 5. d3 d6 6. O-O h6 7. Re1 O-O 8. h3 a5
9. Nbd2 Rb8 10. a4 Qe7 11. Nf1 Nd8 12. Ng3 c6 13. Bb3 Bb6 14. d4 Bc7 15. Bc2
Nh7 16. b3 b5 17. axb5 cxb5 18. Nf5 Bxf5 19. exf5 Nf6 20. Nh2 e4 21. Ng4 d5 22.
Nxf6+ Qxf6 23. Qg4 Nc6 24. Bd2 b4 25. f3 bxc3 26. Bxc3 exf3 27. Qxf3 Bb6 28.
Kh1 Bxd4 29. Bxd4 Nxd4 30. Qd3 Rfc8 31. Ra2 Nxc2 32. Rxc2 Rxc2 33. Qxc2 d4 34.
Qd3 Rd8 35. Kg1 Rd5 36. Rf1 Rc5 37. Rd1 Rd5 38. Rf1 Kh7 39. Rf4 Qe5 40. Rf3 Rc5
41. Qd2 Rc3 42. Rd3 Qc5 43. f6 Rc1+ 44. Kh2 Qc7+ 0-1

[Event "SR Extraliga 2017/2018"]
[Site "?"]
[Date "2017.12.09"]
[Round "5.1"]
[White "Nagy, Gabor"]
[Black "Papp, Gabor"]
[Result "1/2-1/2"]
[WhiteElo "2469"]
[BlackElo "2602"]
[PlyCount "26"]
[EventDate "2017.??.??"]

1. d4 Nf6 2. Nf3 e6 3. c4 d5 4. Nc3 Nbd7 5. cxd5 exd5 6. Bg5 c6 7. e3 h6 8. Bh4
g5 9. Bg3 Nh5 10. Be5 Ng7 11. Bd3 Nxe5 12. Nxe5 Bd6 13. O-O Bxe5 1/2-1/2

[Event "SR Extraliga 2017/2018"]
[Site "?"]
[Date "2017.12.09"]
[Round "5.2"]
[White "Antal, Gergely"]
[Black "Michalicka, Milan"]
[Result "1-0"]
[WhiteElo "2523"]
[BlackElo "2162"]
[PlyCount "77"]
[EventDate "2017.??.??"]

1. e4 c5 2. Nf3 g6 3. d4 cxd4 4. Qxd4 Nf6 5. Nc3 Nc6 6. Qa4 Qa5 7. Qxa5 Nxa5 8.
e5 Ng4 9. h3 Nh6 10. Nd5 Kd8 11. Bf4 b6 12. O-O-O Bb7 13. Bb5 Bc6 14. Be2 Rc8
15. Rd2 Bxd5 16. Rxd5 e6 17. Rd2 Nc6 18. Rhd1 Rc7 19. Bg5+ Ke8 20. Bb5 Nb8 21.
Bf6 Rg8 22. Ng5 a6 23. Bf1 Nf5 24. Nxh7 Bh6 25. Bg5 Bxg5 26. Nxg5 b5 27. g4 Ne7
28. Ne4 Rh8 29. Bg2 Nec6 30. f4 Ke7 31. Kb1 Nb4 32. Nf6 Ra7 33. c3 N4c6 34.
Bxc6 dxc6 35. h4 c5 36. h5 gxh5 37. gxh5 b4 38. cxb4 cxb4 39. h6 1-0

[Event "SR Extraliga 2017/2018"]
[Site "?"]
[Date "2017.12.09"]
[Round "5.3"]
[White "Haring, Viktor"]
[Black "Pacher, Milan"]
[Result "0-1"]
[WhiteElo "2309"]
[BlackElo "2448"]
[PlyCount "62"]
[EventDate "2017.??.??"]

1. e4 c5 2. Nf3 e6 3. d4 cxd4 4. Nxd4 Nc6 5. Nc3 Qc7 6. Be3 a6 7. Qf3 Ne5 8.
Qg3 h5 9. f4 h4 10. Qh3 Nc4 11. Bxc4 Qxc4 12. O-O-O b5 13. Nb3 Qc7 14. Rd3 Bb7
15. Rhd1 Nf6 16. e5 Nd5 17. Nxd5 Bxd5 18. Rxd5 exd5 19. Rxd5 Rc8 20. Nc5 Qc6
21. Qf3 d6 22. exd6 Bxd6 23. Qe4+ Kf8 24. Qf5 Rh6 25. Nd7+ Kg8 26. Ne5 Bxe5 27.
fxe5 Re6 28. Qd3 Rce8 29. Bf4 Qb6 30. Be3 Qa5 31. c3 Qxa2 0-1

[Event "SR Extraliga 2017/2018"]
[Site "?"]
[Date "2017.12.09"]
[Round "5.4"]
[White "Zetocha, Claudiu"]
[Black "Haring, Filip"]
[Result "0-1"]
[WhiteElo "2359"]
[BlackElo "2277"]
[PlyCount "54"]
[EventDate "2017.??.??"]

1. Nf3 d5 2. d4 Nf6 3. c4 e6 4. Nc3 c6 5. e3 Be7 6. Bd3 dxc4 7. Bxc4 b5 8. Be2
O-O 9. O-O Bb7 10. Qc2 Nbd7 11. Rd1 Rc8 12. a3 c5 13. Bxb5 Bxf3 14. gxf3 cxd4
15. Rxd4 Qc7 16. Qd1 Ne5 17. Be2 Bc5 18. Rd2 Ng6 19. Na4 Qe5 20. Nxc5 Qxc5 21.
Rd4 Qg5+ 22. Kh1 e5 23. Rd6 Ne8 24. Rd2 Rc6 25. Qg1 Qh6 26. Rd8 Qh4 27. Bb5
Rxc1 0-1

[Event "SR Extraliga 2017/2018"]
[Site "?"]
[Date "2017.12.09"]
[Round "5.5"]
[White "Sorkovsky, Miroslav"]
[Black "Petran, Peter"]
[Result "0-1"]
[WhiteElo "2147"]
[BlackElo "2307"]
[PlyCount "60"]
[EventDate "2017.??.??"]

1. e4 g6 2. Nc3 Bg7 3. f4 c6 4. d4 d5 5. e5 Nh6 6. Nf3 O-O 7. Be2 f6 8. O-O Bg4
9. h3 Bxf3 10. Bxf3 e6 11. g4 fxe5 12. fxe5 c5 13. dxc5 Nc6 14. Ne2 Nf7 15. Bg2
Qe7 16. Be3 Nfxe5 17. Nd4 Nc4 18. Nxc6 bxc6 19. Bd4 Nxb2 20. Qd2 Nc4 21. Qd3
Rxf1+ 22. Rxf1 Rf8 23. Bxg7 Kxg7 24. Qc3+ e5 25. Rxf8 Qxf8 26. Qb4 Qe7 27. Bf1
a5 28. Qb8 Qxc5+ 29. Kh1 Nd6 30. Qc7+ Nf7 0-1

[Event "SR Extraliga 2017/2018"]
[Site "?"]
[Date "2017.12.09"]
[Round "5.6"]
[White "Briestensky, Rastislav"]
[Black "Urhegyi, Marton"]
[Result "1-0"]
[WhiteElo "2332"]
[BlackElo "2269"]
[PlyCount "104"]
[EventDate "2017.??.??"]

1. e4 c5 2. Nf3 d6 3. g3 Nc6 4. Bg2 g6 5. O-O Bg7 6. d3 e6 7. Re1 Nge7 8. c3 d5
9. e5 O-O 10. h4 b5 11. Bf4 c4 12. d4 b4 13. h5 Re8 14. Nbd2 bxc3 15. bxc3 Qa5
16. Qc1 Bd7 17. Nf1 Reb8 18. Ne3 Qb6 19. Re2 gxh5 20. Bg5 Ng6 21. Nd1 Bf8 22.
Bf6 h6 23. Ne1 Bg7 24. Bxg7 Kxg7 25. Qe3 Qd8 26. f4 f5 27. Bf3 h4 28. Bh5 Be8
29. g4 Nce7 30. Rg2 Rb7 31. Nf3 Rab8 32. Bxg6 Bxg6 33. Nxh4 fxg4 34. Rxg4 Rb1
35. Rxb1 Rxb1 36. Qd2 Qe8 37. Qc2 Rb6 38. Ne3 Kh7 39. Nxg6 Nxg6 40. f5 exf5 41.
Qxf5 Qg8 42. Rg2 Kh8 43. Kh2 a5 44. Qh5 Kh7 45. Rf2 a4 46. Ng4 Qg7 47. Nf6+ Kh8
48. Rg2 Rxf6 49. exf6 Qc7+ 50. Kh1 Qf4 51. Rxg6 Qe4+ 52. Rg2 Qe3 1-0

[Event "SR Extraliga 2017/2018"]
[Site "?"]
[Date "2017.12.09"]
[Round "5.8"]
[White "Franzen, Jozef"]
[Black "Zatko, Gregor"]
[Result "1-0"]
[WhiteElo "2261"]
[BlackElo "2189"]
[PlyCount "61"]
[EventDate "2017.??.??"]

1. Nf3 d6 2. d4 Nd7 3. e4 g6 4. c4 Bg7 5. Nc3 e5 6. g3 Ne7 7. Bg2 O-O 8. O-O
exd4 9. Nxd4 Ne5 10. b3 N7c6 11. Nxc6 bxc6 12. Bb2 Rb8 13. Qe2 Re8 14. f4 Nd7
15. Rae1 Nc5 16. Qd2 Bd7 17. Re3 Re7 18. Nd1 Qf8 19. b4 Na4 20. Bxg7 Qxg7 21.
Ra3 c5 22. b5 Nb6 23. Ne3 f5 24. exf5 Bxf5 25. Nxf5 gxf5 26. Bd5+ Kh8 27. Rxa7
Rbe8 28. Rf2 c6 29. Rxe7 Rxe7 30. bxc6 Na4 31. Qa5 1-0

[Event "SR Extraliga 2017/2018"]
[Site "?"]
[Date "2017.12.09"]
[Round "5.1"]
[White "Vass, Frantisek"]
[Black "Vajda, Levente"]
[Result "0-1"]
[WhiteElo "2324"]
[BlackElo "2579"]
[PlyCount "82"]
[EventDate "2017.??.??"]

1. d4 Nf6 2. Bg5 d5 3. Nf3 Ne4 4. h4 c5 5. e3 cxd4 6. exd4 Nc6 7. c3 Bg4 8. Be2
Qc7 9. Nbd2 Nxg5 10. hxg5 g6 11. Qb3 e6 12. Rh4 Bxf3 13. Nxf3 Be7 14. O-O-O
O-O-O 15. Kb1 h5 16. Bd3 Rhf8 17. Qc2 Kb8 18. Qd2 Bd6 19. Rdh1 Qc8 20. Qe2 a6
21. g4 hxg4 22. Rxg4 Rh8 23. Rgg1 Bf4 24. Qe1 Rde8 25. Rxh8 Rxh8 26. Rh1 Qd8
27. Rxh8 Qxh8 28. Qf1 Qh5 29. Qg2 Bxg5 30. Qg3+ Kc8 31. Kc2 Bd8 32. Qf4 g5 33.
Qe3 Bf6 34. Ng1 Kd7 35. Ne2 Be7 36. Ng3 Qh6 37. Ne2 Bd6 38. Qf3 f5 39. Qg2 g4
40. a3 Qh3 41. Qg1 f4 0-1

[Event "SR Extraliga 2017/2018"]
[Site "?"]
[Date "2017.12.09"]
[Round "5.2"]
[White "Petenyi, Tamas"]
[Black "Farkas, Gabor"]
[Result "1/2-1/2"]
[WhiteElo "2454"]
[BlackElo "2378"]
[PlyCount "88"]
[EventDate "2017.??.??"]

1. Nf3 c5 2. g3 g6 3. Bg2 Bg7 4. O-O Qb6 5. Nc3 Nf6 6. e4 d6 7. e5 dxe5 8. Nxe5
Be6 9. Qf3 Nbd7 10. Nxd7 Nxd7 11. Qxb7 Qxb7 12. Bxb7 Rb8 13. Bg2 c4 14. b3 Bf5
15. Ba3 Bxc2 16. Rfe1 e6 17. Rac1 Bd3 18. bxc4 Bf8 19. Bxf8 Kxf8 20. Nb5 a5 21.
Nd4 Rb4 22. Rc3 Bf5 23. h3 Nc5 24. g4 Bb1 25. Nc6 Rb2 26. Nxa5 Nd3 27. Rf1 Nf4
28. Rb3 Rxa2 29. Rfxb1 Rxa5 30. Bf1 Kg7 31. Rf3 g5 32. Rb5 Rha8 33. h4 h6 34.
hxg5 hxg5 35. Rfb3 Kf6 36. c5 Rxb5 37. Bxb5 Ra1+ 38. Kh2 Ra2 39. c6 Rxd2 40.
Rc3 Nd5 41. c7 Nxc7 42. Rxc7 Rxf2+ 43. Kg3 Rf4 44. Be8 Kg7 1/2-1/2

[Event "SR Extraliga 2017/2018"]
[Site "?"]
[Date "2017.12.09"]
[Round "5.3"]
[White "Cibickova, Zuzana"]
[Black "Nemeth, Miklos"]
[Result "0-1"]
[WhiteElo "2282"]
[BlackElo "2494"]
[PlyCount "72"]
[EventDate "2017.??.??"]

1. e4 e5 2. Nf3 Nc6 3. Bc4 Bc5 4. c3 Nf6 5. d3 d6 6. O-O O-O 7. Nbd2 Bb6 8. Bb3
Ne7 9. Nc4 Ng6 10. Re1 c6 11. Nxb6 Qxb6 12. h3 h6 13. d4 Qc7 14. Bc2 Be6 15.
Nh2 Rad8 16. dxe5 dxe5 17. Qf3 Qe7 18. g3 Rd7 19. Ng4 Nxg4 20. hxg4 Rfd8 21.
Qe2 b5 22. f3 Bc4 23. Qf2 Nf8 24. Be3 Ne6 25. b4 Ng5 26. Kg2 Qe6 27. Rad1 Bxa2
28. Rxd7 Rxd7 29. Bxa7 Bb3 30. Bb1 Bd1 31. Rxd1 Rxd1 32. Bc2 Ra1 33. Be3 Qc4
34. Bd2 Ra2 35. Be1 Ne6 36. Qd2 Nd4 0-1

[Event "SR Extraliga 2017/2018"]
[Site "?"]
[Date "2017.12.09"]
[Round "5.4"]
[White "Czebe, Attila"]
[Black "Horvath, Mario"]
[Result "1-0"]
[WhiteElo "2469"]
[BlackElo "2224"]
[PlyCount "78"]
[EventDate "2017.??.??"]

1. e4 c6 2. Nc3 d5 3. Nf3 Bg4 4. h3 Bxf3 5. Qxf3 e6 6. Be2 Nf6 7. O-O Bd6 8. d4
dxe4 9. Nxe4 Nxe4 10. Qxe4 Nd7 11. Bf3 O-O 12. Re1 Qa5 13. c3 Rfe8 14. g3 e5
15. Bg2 exd4 16. Qxe8+ Rxe8 17. Rxe8+ Nf8 18. cxd4 h6 19. Re2 Ne6 20. Be3 Nc7
21. a3 Qb5 22. Rae1 Qd3 23. Bf4 Qg6 24. Be4 Qf6 25. Be5 Bxe5 26. dxe5 Qe6 27.
Rd1 g6 28. Kg2 Qb3 29. Rd6 Ne6 30. Re3 Qa2 31. b4 Kg7 32. Rd7 Ng5 33. Bf3 b6
34. h4 Qe6 35. Rxa7 Qh3+ 36. Kg1 Ne6 37. Bxc6 g5 38. Bg2 Qg4 39. Bf3 Kf8 1-0

[Event "SR Extraliga 2017/2018"]
[Site "?"]
[Date "2017.12.09"]
[Round "5.5"]
[White "Gulbis, Adrian"]
[Black "Varga, Zoltan"]
[Result "0-1"]
[WhiteElo "2108"]
[BlackElo "2447"]
[PlyCount "112"]
[EventDate "2017.??.??"]

1. d4 d5 2. c4 dxc4 3. Nf3 c6 4. a4 Nf6 5. Nc3 Bf5 6. Ne5 e6 7. Nxc4 c5 8. dxc5
Qxd1+ 9. Nxd1 Bxc5 10. f3 Nc6 11. e4 Bg6 12. Be3 Nd7 13. Nc3 Nb4 14. O-O-O
Bxe3+ 15. Nxe3 Nc5 16. Bc4 Ke7 17. Rd4 Nc6 18. Rd2 Rhc8 19. b3 Rd8 20. Rhd1
Rxd2 21. Rxd2 f6 22. Kb2 Bf7 23. Nb5 g5 24. Kc3 a5 25. Nd6 Rd8 26. Nxf7 Rxd2
27. Kxd2 Kxf7 28. Kc3 Ke7 29. Bb5 Ne5 30. Nc4 Nxc4 31. Kxc4 Kd6 32. b4 axb4 33.
Kxb4 h5 34. Ka5 Kc7 35. Kb4 b6 36. a5 h4 37. Kc4 Nb7 38. a6 Nd6+ 39. Kb4 Kb8
40. Bd3 Ka7 41. g3 e5 42. gxh4 gxh4 43. Bf1 Nf7 44. Kb5 Ng5 45. Be2 Ne6 46. Bf1
Nd4+ 47. Kc4 Nxf3 48. Kd5 Nxh2 49. Be2 h3 50. Ke6 Ng4 51. Bxg4 h2 52. Bf3 b5
53. Kd5 Kxa6 54. Kc5 Ka5 55. Be2 Ka4 56. Bf3 b4 0-1

[Event "SR Extraliga 2017/2018"]
[Site "?"]
[Date "2017.12.09"]
[Round "5.6"]
[White "Bagi, Mate"]
[Black "Szeko, Ludovit"]
[Result "1-0"]
[WhiteElo "2445"]
[BlackElo "2065"]
[PlyCount "73"]
[EventDate "2017.??.??"]

1. e4 Nf6 2. e5 Nd5 3. d4 d6 4. c4 Nb6 5. exd6 cxd6 6. Nc3 g6 7. Be3 Bg7 8. Rc1
O-O 9. b3 Nc6 10. d5 Ne5 11. Be2 f5 12. f4 Nf7 13. Nf3 e5 14. dxe6 Bxe6 15. O-O
Re8 16. Bd4 Bf8 17. Bf2 Bd7 18. Nd4 Bc6 19. Nxc6 bxc6 20. Bf3 Qc7 21. Qd3 a5
22. Rfe1 Nd7 23. Re2 Rxe2 24. Qxe2 Bg7 25. Na4 Nf6 26. Qd3 Nd7 27. Re1 Bf8 28.
g3 Nc5 29. Nxc5 dxc5 30. Re6 Rd8 31. Qe2 Rd6 32. Re8 Qa7 33. Kg2 Kg7 34. Be1
Qc7 35. Bc3+ Rd4 36. Re6 Bd6 37. Bxd4+ 1-0